000 00934nam a2200241 i 4500
001 108857
003 ES-MaACL
005 20260326134335.0
007 t|
008 061121s1917 sp |||| |dspa d
100 1 _aMousset, Albert.
_983920
245 1 0 _aFelipe II
_b: conferencia leída en el Ateneo de Madrid el día 28 de marzo de 1917 /
_cAlbert Mousset.
260 _aMadrid :
_b[s.n],
_c1917 (
_fImp. de los Hijos de Tello)
300 _a43 p. ;
_c18 cm.
530 _aDisponible en formato digital.
600 0 4 _aFelipe
_bII,
_cRey de España
_949175
610 2 4 _aAteneo de Madrid-
_vConferencias-
_y1900-1939
_91907
710 2 _aAteneo de Madrid.
_91875
852 _aES-MaACL
_j1485-F-6
_9 112985
_cDEPOF
_zRevisado enlace: 25 Marzo 2025
856 4 _uhttp://bibliotecadigital.jcyl.es/i18n/consulta/registro.cmd?id=1646
_yBiblioteca Digital de Castilla y León
942 _2udc
999 _c108857
_d108857